000 01029nam a2200265 a 4500
001 000048424
005 20201002061137.0
008 090703s2019 dr ac 000 f spa d
020 _a9789945457551
040 _aDO-SdBNP
_bspa
_cBNPHU
082 _a863.5
_bO66f
100 1 _aOrellana, Francisco José
_d1820-1891
_975838
245 1 0 _aFlor de Oro :
_b(Anacaona, reina de Jaragua) /
_cFrancisco José Orellana.
260 _aSanto Domingo :
_bSociedad Dominicana de Bibliófilo,
_c2019.
300 _a326 p. :
_bil., retrs. ;
_c24 cm.
490 1 _aBibliófilo 2000
_aHistoria
_v36
500 _aIncluye notas al pie de las páginas
500 _aEsta es una impresión Fascimilar que reproduce las imperfecciones del original
500 _aIncluye datos biográficos del autor en la contracubierta
590 _aInventariado, 2019/VM
650 4 _aNovela historica española
_96177
650 4 _aLiteratura española
_9632
830 0 _aBibliófilo 2000
_pHistoria
_n36
_975839
910 _aValidado. Control de calidad MFF
999 _c47912
_d47912